Every Formula 1, Junior Formula, And Formula E Champion - Statistics

General Stats
  • This quiz has been taken 51 times
    7 since last reset
  • The average score is 102 of 251
Answer Stats
Year Category Nationality Answer % Correct
1980 F1 Australian Alan Jones
86%
88 F1 Brazilian Ayrton Senna
86%
1990 F1 Brazilian Ayrton Senna
86%
91 F1 Brazilian Ayrton Senna
86%
2017 F2 Monegasque Charles Leclerc
86%
05 F1 Spanish Fernando Alonso
86%
06 F1 Spanish Fernando Alonso
86%
24 F2 Brazilian Gabriel Bortoleto
86%
23 F3 Brazilian Gabriel Bortoleto
86%
18 F2 British George Russell
86%
09 F1 British Jenson Button
86%
51 F1 Argentine Juan Manuel Fangio
86%
54 F1 Argentine Juan Manuel Fangio
86%
55 F1 Argentine Juan Manuel Fangio
86%
56 F1 Argentine Juan Manuel Fangio
86%
57 F1 Argentine Juan Manuel Fangio
86%
82 F1 Finnish Keke Rosberg
86%
07 F1 Finnish Kimi Raikkonen
86%
25 F1 British Lando Norris
86%
2015 GB4 British Lando Norris
86%
08 F1 British Lewis Hamilton
86%
14 F1 British Lewis Hamilton
86%
15 F1 British Lewis Hamilton
86%
17 F1 British Lewis Hamilton
86%
18 F1 British Lewis Hamilton
86%
19 F1 British Lewis Hamilton
86%
2020 F1 British Lewis Hamilton
86%
21 F1 Dutch Max Verstappen
86%
22 F1 Dutch Max Verstappen
86%
23 F1 Dutch Max Verstappen
86%
24 F1 Dutch Max Verstappen
86%
94 F1 German Michael Schumacher
86%
95 F1 German Michael Schumacher
86%
2000 F1 German Michael Schumacher
86%
01 F1 German Michael Schumacher
86%
02 F1 German Michael Schumacher
86%
03 F1 German Michael Schumacher
86%
04 F1 German Michael Schumacher
86%
2020 F2 German Mick Schumacher
86%
98 F1 Finnish Mika Hakkinen
86%
99 F1 Finnish Mika Hakkinen
86%
16 F1 German Nico Rosberg
86%
92 F1 British Nigel Mansell
86%
75 F1 Austrian Niki Lauda
86%
77 F1 Austrian Niki Lauda
86%
84 F1 Austrian Niki Lauda
86%
1950 F1 Italian Nino Farina
86%
19 F2 Dutch Nyck de Vries
86%
21 F2 Australian Oscar Piastri
86%
2020 F3 Australian Oscar Piastri
86%
2010 F1 German Sebastian Vettel
86%
11 F1 German Sebastian Vettel
86%
12 F1 German Sebastian Vettel
86%
13 F1 German Sebastian Vettel
86%
85 F1 French Alain Prost
71%
86 F1 French Alain Prost
71%
89 F1 French Alain Prost
71%
93 F1 French Alain Prost
71%
52 F1 Italian Alberto Ascari
71%
53 F1 Italian Alberto Ascari
71%
23 FRECA Italian Andrea Kimi Antonelli
71%
22 F4 Italy Italian Andrea Kimi Antonelli
71%
22 ADAC F4 (Germany) Italian Andrea Kimi Antonelli
71%
96 F1 British Damon Hill
71%
67 F1 New Zealander/Kiwi Denny Hulme
71%
72 F1 Brazilian Emerson Fittipaldi
71%
74 F1 Brazilian Emerson Fittipaldi
71%
18 F4 Italy Brazilian Enzo Fittipaldi
71%
22 F2 Brazilian Felipe Drugovich
71%
18 Brazilian Felipe Drugovich
71%
19 F4 Spain Argentine Franco Colapinto
71%
62 F1 British Graham Hill
71%
68 F1 British Graham Hill
71%
59 F1 Australian Jack Brabham
71%
1960 F1 Australian Jack Brabham
71%
66 F1 Australian Jack Brabham
71%
97 F1 Canadian Jacques Villeneuve
71%
76 F1 British James Hunt
71%
79 F1 South African Jody Scheckter
71%
64 F1 British John Surtees
71%
78 F1 American Mario Andretti
71%
58 F1 British Mike Hawthorn
71%
81 F1 Brazilian Nelson Piquet
71%
83 F1 Brazilian Nelson Piquet
71%
87 F1 Brazilian Nelson Piquet
71%
Season 1 (2014-15) Formula E Brazilian Nelson Piquet jr.
71%
61 F1 American Phil Hill
71%
25 F3 Brazilian Rafael Camara
71%
24 FRECA Brazilian Rafael Camara
71%
23 F2 French Théo Pourchaire
71%
19 ADAC F4 (Germany) French Théo Pourchaire
71%
22 GB4 Irish Alex Dunne
57%
19 F4 China New Zealand/Kiwi Conrad Clark
57%
2019 FRECA Danish Frederick Vesti
57%
69 F1 British Jackie Stewart
57%
71 F1 British Jackie Stewart
57%
73 F1 British Jackie Stewart
57%
63 F1 British Jim Clark
57%
65 F1 British Jim Clark
57%
1970 F1 Austrian Jochen Rindt
57%
2019 F3 Russian Robert Schwartzman
57%
22 F3 French Victor Martins
57%
2020 F4 France Japanese Ayumu Iwasa
43%
21 F3 Norwegian Dennis Hauger
43%
19 F4 Italy Norwegian Dennis Hauger
43%
22 FRECA Sweden Dino Beganovic
43%
25 FRECA British Freddie Slater
43%
24 F4 UAE British Freddie Slater
43%
24 F4 Italy British Freddie Slater
43%
2020 F4 Italy Italian Gabriele Mini
43%
Season 4 (2017-18) Formula E French Jean Éric Vergne
43%
Season 5 (2018-19) Formula E French Jean Éric Vergne
43%
25 F2 Italian Leonardo Fornaroli
43%
24 F3 Italian Leonardo Fornaroli
43%
Season 3 (2016-17) Formula E Brazilian Lucas di Grassi
43%
22 GB3 British Luke Browning
43%
2020 GB4 British Luke Browning
43%
Season 10 (2023-24) Formula E German Pascal Wehrlein
43%
16 F4 Australia Australian Williams Brown
43%
24 F1 Academy British Abbi Pulling
29%
Season 6 (2019-20) Formula E Portuguese Anónio Felix da Costa
29%
2016 F4 USA American Cameron Das
29%
25 F1 Academy French Doriane Pin
29%
21 F4 UAE Italian Enzo Trulli
29%
Season 9 (2022-23) Formula E British Jake Dennis
29%
23 F4 UAE Australian James Wharton
29%
17 ADAC F4 (Germany) Estonian Juri Vips
29%
2014 F4 Italy Canadian Lance Stroll
29%
24 GB3 Kiwi Louis Sharp
29%
23 GB4 New Zealander/Kiwi Louis Sharp
29%
19 Japanese Marino Sato
29%
22 F4 Spain Bulgarian Nikola Tsolov
29%
23 Mexican Noel Leon
29%
19-20 NACAM F4 (Mexico) Mexican Noel Leon
29%
22 German Oliver Goethe
29%
21 F4 Italy British Ollie Bearman
29%
21 ADAC F4 (Germany) British Ollie Bearman
29%
15 F4 Italy Estonian Ralf Aron
29%
2016 F4 Spain Dutch Richard Verschoor
29%
Season 2 (2015-16) Formula E Swiss Sébastian Buemi
29%
Season 8 (2021-22) Formula E Belgian Stoffel Vandoorne
29%
19 GB4 Barbadian Zane Maloney
29%
18 F4 South East Asia French Alessandro Ghiretti
14%
25 GB3 Australian Alex Ninovic
14%
18 F4 Spain Belgian Amaury Cordeel
14%
21 F4 China Macanese (Macau) Andy Chang
14%
24 American Brad Benavides
14%
16 F4 China Brazilian Bruno Carneiro
14%
23 GB3 British Callum Voisin
14%
21 American Cameron Das
14%
17 F4 China Macanese (Macau) Charles Leong
14%
17-18 F4 UAE Belgian Charles Weerts
14%
22 F4 UAE Austria Charlie Wurz
14%
2020 F4 Denmark Danish Conrad Laursen
14%
25 F4 USA American Cooper Shipman
14%
18 F4 USA American Dakota Dickerson
14%
17-18 F4 South East Asia Chinese Daniel Cao
14%
24 F4 USA Australian Daniel Quimby
14%
21 F4 France French Esteban Masson
14%
2023 F4 CEZ Swiss Ethan Ischer
14%
2020 F4 UAE Italian Francesco Pizzi
14%
22 F4 China Hongkonger Gerrard Xie
14%
2020 FRECA Brazilian Gianluca Petecof
14%
25 F4 CEZ Argentine Gino Trappa
14%
21 FRECA Swiss Grégoire Saucy
14%
17 British Harrison Scott
14%
2020 F4 China Chinese He Zijian
14%
2020 F4 USA American Hunter Yeany
14%
2023 F4 South East Asia Australian Jack Beeton
14%
2024 F4 Australia Australian James Piszcyk
14%
18 F4 Australia Australian Jayden Ojeda
14%
2016-17 F4 UAE South African Jonathon Aberdein
14%
18 F4 China Irish Jordan Dempsey
14%
2015 F4 Australia Australian Jordan Lloyd
14%
19 F4 USA Australian Joshua Car
14%
2015-16 F4 China Colombian Julio Acosta
14%
25 F4 Italy Japanese-Slovak Kean Nakamura-Berta
14%
25 F4 Europe Japanese-Slovak Kean Nakamura-Berta
14%
17 F4 USA American Kyle Kirkwood
14%
16 Italian Leonardo Pulcini
14%
18 ADAC F4 (Germany) German Lirim Zendelli
14%
22 F4 USA Australian Lochie Hughes
14%
19 F4 South East Asia Irish Lucca Allen
14%
19 F4 Australia Australian Luis Leeds
14%
17 F4 Italy New Zealander/Kiwi Marcus Armstrong
14%
2023 F1 Academy Spanish Marta Garcia
14%
19 F4 UAE Italian Matteo Nannini
14%
23 F4 Denmark Danish Mikkel Gaarde Pedersen
14%
17 F4 Australia Australian Nicholas Rowe
14%
25 F4 Australia Australian Noah Killion
14%
Season 7 (2020-21) Formula E Dutch Nyck de Vries
14%
Season 11 (2024-25) Formula E British Oliver Rowland
14%
24 F4 China Swedish Oscar Pedersen
14%
24 F4 CEZ Austrian Oscar Wurz
14%
23 F4 USA Canadian Patrick Woods-Toth
14%
2016-17 F4 South East Asia Indonesian Presley Martono
14%
2014 Euroformula Open Thai Sandy Stuvik
14%
23 F4 China Macanese (Macau) Tiago Rodrigues
14%
25 Polish Tymek Kucharczyk
14%
2023 F4 Europe American Ugo Ugochukwu
14%
15 Brazilian Vitor Baptista
14%
2020 Chinese Yifei Ye
14%
2021 GB3 British Zak O'Sullivan
14%
25 F4 China Hongkonger Zhang Shimo
14%
24 F4 Europe Indian Akshay Bohra
0%
22 F4 France French Alessandro Giusti
0%
25 F4 France French Alexandre Munoz
0%
2015-16 NACAM F4 (Mexico) Mexican Alex Matus
0%
2025 F4 South East Asia Vietnamese Alex Sawer Hoang Dat
0%
24 F4 India South Africam Aqil Alibhai
0%
25 GB4 Indian Ary Bansal
0%
2018 F4 France Brazilian Caio Collet
0%
16-17 NACAM F4 (Mexico) Guyanese Calvin Ming
0%
18 F4 Denmark Danish Casper Tobias Hansen
0%
17 F4 Spain Danish Christian Lungaard
0%
2023 F4 India Australian Cooper Webster
0%
2017 F4 Denmark Danish Daniel Lungaard
0%
24 GB4 British Deagen Fairclough
0%
21 F4 Spain Dutch Dilano van 't Hoff
0%
25 F4 UAE Italian Emanuele Olivieri
0%
23 F4 France French Evan Giltaire
0%
2024 F4 Saudi Arabia Emirati Federico Al Rifai
0%
2021 F4 Argentina Argentine Fredrico Hermida
0%
19 F4 France French Hadrien David
0%
17 GB4 British Jamie Caroline
0%
16 ADAC F4 (Germany) Australian Joey Mawson
0%
2020 ADAC F4 (Germany) British Jonny Edgar
0%
22 NACAM F4 (Mexico) Colombian Juan Felipe Pedraza
0%
22 F4 Denmark Danish Julius Dinesen
0%
23 F4 Italy Polish Kacper Sztuka
0%
2020 F4 Spain Dutch Kas Haverkort
0%
18 GB4 British Kiern Jewiss
0%
25 F4 Saudi Arabia British Kit Belofsky
0%
21 F4 Denmark Danish Mads Hoe
0%
19 F4 Denmark Danish Malthe Jakobsen
0%
18-19 NACAM F4 (Mexico) Mexican Manuel Sulaimán
0%
16 F4 Italy Argentine Marcos Siebert
0%
2015 ADAC F4 (Germany) German Marvin Diest
0%
24 Nordic F4 (Denmark) Danish Mathias Bjerre Jakobsen
0%
21 GB4 British Matthew Rees
0%
24 F4 Spain Italian Mattia Colnaghi
0%
16 GB4 British Max Fewtrell
0%
17-18 NACAM F4 (Mexico) Mexican Moises de la Vara
0%
21 F4 USA Mexican Noel León
0%
2022 F4 Brazil Brazilian Pedro Clerot
0%
23 NACAM F4 (Mexico) Colombian Pedro Juan Moreno
0%
25 Nordic F4 (Denmark) Danish Sebastian Bach
0%
24 F4 France Japanese Taito Kato
0%
23 F4 Spain Spanish Théophile Nael
0%
25 F4 Spain Belgian Thomas Strauven
0%
23 F4 Brazil Brazilian Vinícius Tessaro
0%
No matching quizzes found
Score Distribution
Percent of People with Each Score
Percentile by Number Answered
Your Score History
You have not taken this quiz since the last reset